Extended Knowledge: US Presidents Quiz Stats

 Plays Quiz not verified by Sporcle

Score 0/24 Timer 05:00
0 Plays Today
% Correct
Barack Obama
91.7%
Franklin Roosevelt
86.7%
John Adams
85.9%
John Kennedy
85%
George Bush
83.2%
George Bush
81.5%
Dwight Eisenhower
75.3%
Lyndon Johnson
75.1%
Richard Nixon
74.4%
William Clinton (AKA Bill)
72.6%
John Coolidge
70.9%
Chester Arthur
66.7%
% Correct
William Harrison
63.6%
William Taft
62.8%
James Polk
61.5%
Rutherford Hayes
60.5%
Ulysses Grant
59.5%
Warren Harding
59.5%
Harry Truman
57.4%
James Carter (AKA Jimmy)
56.3%
Ronald Reagan
53.2%
Gerald Ford
50.9%
James Garfield
43.2%
Herbert Hoover
43.2%

You're not logged in!

Compare scores with friends on all Sporcle quizzes.
OR
Log In

Show Comments

Extras

Top Quizzes Today


Score Distribution

Your Account Isn't Verified!

In order to create a playlist on Sporcle, you need to verify the email address you used during registration. Go to your Sporcle Settings to finish the process.

Report this User

Report this user for behavior that violates our Community Guidelines.

Details: